01009cam a2200289 i 450000100090000000300060000900500170001500800410003201000170007302000380009004000280012804200080015605000240016408200170018810000350020524500850024025000210032526400410034630000230038733600210041033700250043133800230045650400530047965000230053265000200055577601440057518988057GBCCL20241126110700.0160224s2016 tnu b 001 0 eng  a 2016009061 a9781501804908 (pbk. : alk. paper) aDLCbengcDLCerdadDLC apcc00aBV4011.3b.W55 201600a253223bWIL1 aWillimon, William H.,eauthor.10aPastor :bthe theology and practice of ordained ministry /cWilliam H. Willimon. aRevised Edition. 1aNashville :bAbingdon Press,c[2016] a399 pages ;c23 cm atext2rdacontent aunmediated2rdamedia avolume2rdacarrier aIncludes bibliographical references and indexes. 0aPastoral theology. 0aClergyxOffice.08iOnline version:aWillimon, William H., author.tPastorbRevised Edition.dNashville : Abingdon Press, 2016z9781501804915w(DLC) 2016009415